[Event "ICS rated standard match"]
[Site "207.99.83.227"]
[Date "1999.04.15"]
[Round "?"]
[White "Randy"]
[Black "Hossa"]
[Result "0-1"]
[WhiteElo "1994"]
[BlackElo "2253"]
[PlyCount "76"]

1. d4 Nf6 2. c4 g6 3. Nc3 Bg7 4. Nf3 O-O 5. e3 d6 6. Be2 Nbd7 7. O-O e5 8. b3
Kh8 9. Bb2 exd4 10. Nxd4 Ne5 11. Nf3 Nfg4 12. Nxe5 Nxe5 13. Rb1 Re8 14. Nd5 Bf5
15. Ra1 Nf3+ 16. Bxf3 Bxb2 17. g3 Bh3 18. Re1 Bxa1 19. Qxa1+ Re5 20. Bh1 Kg8
21. Nf4 Bc8 22. Nd3 Re8 23. Rd1 Qg5 24. Nf4 Re5 25. Nd5 Qd8 26. Rd4 c6 27. Nf4
Qe7 28. Nd3 Rg5 29. h4 Rg4 30. Bf3 Rxd4 31. Qxd4 Bf5 32. Nf4 Qe5 33. Qxe5 dxe5
34. Ne2 Rd8 35. g4 Bc2 36. Kf1 Rd1+ 37. Kg2 e4 38. Nc3 38... exf3+ {
Randy resigns} 0-1

[Event "ICS rated standard match"]
[Site "207.99.83.227"]
[Date "1999.04.15"]
[Round "?"]
[White "Hossa"]
[Black "Randy"]
[Result "1-0"]
[WhiteElo "2259"]
[BlackElo "1988"]
[PlyCount "64"]

1. e4 e5 2. Nf3 d6 3. d4 Nd7 4. Bd3 Be7 5. Nc3 Ngf6 6. O-O O-O 7. Bg5 c6 8. Ne2
h6 9. Be3 Qc7 10. c3 Re8 11. Qb3 Qb6 12. dxe5 Qxb3 13. axb3 Nxe5 14. Nxe5 dxe5
15. Rxa7 Rxa7 16. Bxa7 Be6 17. Nc1 Ra8 18. Bb6 Nd7 19. Be3 Nc5 20. Bc2 b5 21.
b4 Na4 22. Nd3 f6 23. Ra1 Bc4 24. b3 Bxd3 25. Bxd3 Kf7 26. bxa4 bxa4 27. Ra3
Ke6 28. Bc2 c5 29. Rxa4 Rxa4 30. Bb3+ Kd7 31. Bxa4+ Kc7 32. Bxc5 32... Bd8 {
Randy resigns} 1-0

[Event "ICS rated standard match"]
[Site "207.99.83.227"]
[Date "1999.04.15"]
[Round "?"]
[White "Hossa"]
[Black "robbok1"]
[Result "1-0"]
[WhiteElo "2265"]
[BlackElo "2352"]
[PlyCount "34"]

1. e4 c5 2. Bc4 e6 3. Nc3 Nc6 4. Nf3 a6 5. a4 Nf6 6. O-O d5 7. exd5 exd5 8. Ba2
d4 9. Ng5 c4 10. Bxc4 dxc3 11. Nxf7 Qb6 12. dxc3 Rg8 13. Ng5 Bc5 14. Bxg8 Nxg8
15. Qh5+ g6 16. Qxh7 Nge7 17. Qf7+ 17... Kd8 {robbok1 resigns} 1-0

[Event "ICS Rated standard match"]
[Site "207.99.83.227"]
[Date "1999.04.15"]
[Round "?"]
[White "robbok1"]
[Black "Hossa"]
[Result "1-0"]
[WhiteElo "2332"]
[BlackElo "2285"]
[Annotator "Crafty v16.6"]
[PlyCount "138"]

{annotating for player Hossa using a scoring margin of +0.10 pawns. search
time limit is 10.00} 1. e4 1... e5 2. Nf3 Nc6 3. d4 exd4 4. Bc4 Bb4+ 5. c3 dxc3
6. O-O cxb2 7. Bxb2 Nf6 8. e5 Ng4 9. a3 Be7 10. Qd3 O-O 11. h3 Nh6 12. Nbd2 Kh8
({7:+1.97} 12... Kh8 13. Bd5 Re8 14. Rfd1 Kg8 15. Rac1 15... Rb8 $19) ({7:+2.28
} 12... d6 13. Rfe1 Bf5 14. Ne4 Na5 15. Bd5 Rc8 16. exd6 16... Bxd6 $19) 13.
Ne4 Nf5 14. Rfd1 Rb8 15. Rab1 a6 16. Rbc1 Nh4 17. Nxh4 Bxh4 18. Qf3 Bg5 19. Rb1
Qe7 20. Nxg5 Qxg5 21. Re1 Qg6 22. Rbc1 Ra8 23. Bd3 Qh6 24. Be4 Qg5 25. Bd5 Kg8
26. a4 Ne7 27. Ba3 c6 28. Bb3 b5 29. Rcd1 bxa4 30. Bxa4 Re8 31. Bb3 Qf5 32. Qc3
Qg6 33. Bxe7 Rxe7 34. Rd6 Qg5 35. Qxc6 Rxe5 36. Rxe5 Qxe5 37. Qxa8 Qe1+ 38. Kh2
Qe5+ 39. g3 Qxd6 40. Qxc8+ Qf8 41. Qxd7 h5 42. h4 g6 43. Qa7 Kg7 44. Bd5 Qe8
45. Qxa6 Qe5 46. Qc4 f5 47. Kh3 Kh6 48. Qf4+ Qxf4 49. gxf4 Kg7 50. Kg3 Kf8 51.
Kf3 Ke8 52. Ke3 Ke7 53. Kd4 Kf6 54. f3 Ke7 55. Ke5 Ke8 56. Kf6 Kd7 57. Kxg6 Kc7
58. Kxh5 Kd6 59. Bf7 Kc5 60. Kg5 Kd4 61. h5 Ke3 62. Bd5 Kd3 63. h6 Kd4 64. Bb7
Kc5 65. h7 Kd4 66. h8=Q+ Kc4 67. Kxf5 Kb3 68. Qd4 Kc2 69. Bd5 Kc1 1-0

[Event "ICS rated blitz match"]
[Site "207.99.83.227"]
[Date "1999.04.15"]
[Round "?"]
[White "Prof-Moriarty"]
[Black "Hossa"]
[Result "0-1"]
[WhiteElo "2327"]
[BlackElo "2470"]
[PlyCount "146"]

1. d4 Nf6 2. Nf3 e6 3. e3 Be7 4. Bd3 O-O 5. Nbd2 d5 6. O-O c5 7. b3 Nc6 8. Bb2
cxd4 9. exd4 Qc7 10. a3 Bd7 11. Qe2 Rac8 12. Ne5 Bd6 13. f4 Be8 14. Rf3 Qe7 15.
Rh3 Kh8 16. Bxh7 Qd8 17. Bd3+ Kg8 18. Qf2 Nd7 19. Qf3 Nf6 20. Bh7+ Kh8 21. Qg3
Nxh7 22. Ndf3 Kg8 23. Rxh7 Kxh7 24. Ng5+ Kg8 25. Qh4 Qxg5 26. fxg5 Nxe5 27.
dxe5 Rxc2 28. Bd4 Bc5 29. Bxc5 Rxc5 30. Rf1 Rc8 31. Rf3 Rc1+ 32. Kf2 Rc2+ 33.
Ke1 Rxg2 34. Rh3 f6 35. Qh7+ Kf7 36. g6+ Rxg6 37. exf6 Rxf6 38. Rg3 Rg8 39.
Qh5+ g6 40. Qe5 Rf8 41. Qc7+ Kg8 42. Qxb7 Rf1+ 43. Kd2 R1f2+ 44. Kc3 R8f3+ 45.
Rxf3 Rxf3+ 46. Kd4 Bf7 47. Ke5 a5 48. b4 Rf5+ 49. Kd6 axb4 50. axb4 e5 51. b5
Kg7 52. b6 Rf6+ 53. Kc5 d4 54. Qe4 d3 55. Qxd3 Be8 56. b7 Rc6+ 57. Kb4 Rb6+ 58.
Ka5 Rxb7 59. Qd5 Rb5+ 60. Qxb5 Bxb5 61. Kxb5 Kf6 62. Kc4 Kf5 63. Kd3 Kf4 64.
Ke2 e4 65. Kf2 e3+ 66. Ke2 g5 67. Kf1 Kf3 68. Ke1 e2 69. h3 Ke3 70. h4 g4 71.
h5 g3 72. h6 g2 73. h7 73... g1=Q# {Prof-Moriarty checkmated} 0-1

[Event "ICS rated blitz match"]
[Site "207.99.83.227"]
[Date "1999.04.15"]
[Round "?"]
[White "Hossa"]
[Black "Prof-Moriarty"]
[Result "1-0"]
[WhiteElo "2480"]
[BlackElo "2317"]
[PlyCount "96"]

1. e4 d6 2. d4 Nf6 3. Nc3 g6 4. Bc4 Bg7 5. Nf3 O-O 6. O-O Na6 7. e5 Ne8 8. Bxa6
bxa6 9. Bf4 Rb8 10. b3 f6 11. exd6 Nxd6 12. Qe2 Bg4 13. Qd3 Bf5 14. Qxa6 Kh8
15. Qe2 Re8 16. Rae1 Nf7 17. Be3 e5 18. d5 Bg4 19. h3 Bxf3 20. Qxf3 a6 21. Kh1
Nd6 22. Ba7 Rb4 23. Qd3 Rb7 24. Be3 f5 25. Qxa6 f4 26. Bc5 Rb8 27. Qd3 Nf5 28.
Ne4 Qh4 29. Qd1 h5 30. Qd3 g5 31. Nd2 Nd6 32. Nf3 e4 33. Rxe4 Nxe4 34. Nxh4
Nxc5 35. Ng6+ Kg8 36. Qc4 Kh7 37. Qxc5 Kxg6 38. Qxc7 Rbc8 39. Qd6+ Kh7 40. c4
Re2 41. a3 Rce8 42. h4 g4 43. Qxf4 Be5 44. Qf7+ Bg7 45. Qxh5+ Kg8 46. Qxg4 Re1
47. Rxe1 Rxe1+ 48. Kh2 48... Kf8 {Prof-Moriarty resigns} 1-0

[Event "ICS rated blitz match"]
[Site "207.99.83.227"]
[Date "1999.04.15"]
[Round "?"]
[White "Prof-Moriarty"]
[Black "Hossa"]
[Result "0-1"]
[WhiteElo "2308"]
[BlackElo "2489"]
[PlyCount "74"]

1. d4 Nf6 2. Nf3 e6 3. e3 Be7 4. Bd3 O-O 5. O-O d5 6. Nbd2 Nc6 7. b3 Nb4 8. Be2
c5 9. a3 Nc6 10. Bd3 cxd4 11. exd4 Bd7 12. Bb2 Qc7 13. Ne5 Bd6 14. f4 Rac8 15.
Rf3 Be8 16. Rh3 Nb8 17. Rc1 Nbd7 18. Nxd7 Bxd7 19. Bxh7+ Kh8 20. Bd3+ Kg8 21.
g3 e5 22. dxe5 Bxh3 23. exf6 Qb6+ 24. Kh1 Qf2 25. Bf1 Bxf1 26. Nxf1 Bc5 27. Nd2
Rfe8 28. Be5 Be3 29. Qg4 g6 30. Rf1 Qxd2 31. c3 d4 32. c4 Qb2 33. f5 g5 34. Qh5
Qc2 35. h3 Qd3 36. Rf3 Qd1+ 37. Kg2 37... Qg1# {Prof-Moriarty checkmated} 0-1

[Event "ICS rated blitz match"]
[Site "207.99.83.227"]
[Date "1999.04.15"]
[Round "?"]
[White "Prof-Moriarty"]
[Black "Hossa"]
[Result "1/2-1/2"]
[WhiteElo "2287"]
[BlackElo "2497"]
[PlyCount "52"]

1. d4 Nf6 2. Nf3 e6 3. e3 Be7 4. Bd3 O-O 5. O-O d5 6. b3 Nc6 7. Nbd2 Bd6 8. Bb2
Nb4 9. Be2 c5 10. a3 Nc6 11. Ne5 Qc7 12. f4 cxd4 13. exd4 Qb6 14. Ndf3 Ne4 15.
Bd3 f6 16. Nxc6 Qxc6 17. Nd2 Nxd2 18. Qxd2 Bd7 19. Qe2 Qc7 20. g3 Rac8 21. Qh5
g6 22. Bxg6 hxg6 23. Qxg6+ Kh8 24. Qh6+ Kg8 25. Qg6+ Kh8 26. Qh6+ 26... Kg8 {
Game drawn by mutual agreement} 1/2-1/2

[Event "ICS rated blitz match"]
[Site "207.99.83.227"]
[Date "1999.04.15"]
[Round "?"]
[White "Hossa"]
[Black "cstalx"]
[Result "1-0"]
[WhiteElo "2488"]
[BlackElo "2535"]
[PlyCount "154"]

1. e4 c6 2. Nc3 e6 3. d4 d5 4. exd5 exd5 5. Bd3 Qe7+ 6. Nge2 Qh4 7. Bf4 Nf6 8.
O-O Be7 9. Bg3 Qh6 10. Re1 O-O 11. Bf4 Qh4 12. Na4 Nh5 13. Bc7 Be6 14. Ng3 Nf6
15. Nf5 Bxf5 16. Bxf5 Re8 17. Bg3 Qh6 18. Bc8 Rxc8 19. Rxe7 Nbd7 20. Nc5 Nxc5
21. dxc5 b6 22. Qd4 Ne4 23. cxb6 axb6 24. a3 Qg5 25. Re5 Qf6 26. Re1 h6 27.
Qxb6 Rcb8 28. Qd4 Nd6 29. Qc3 Nc4 30. b3 Nxa3 31. Kh1 Nb5 32. Qc5 Rc8 33. c4
Nc7 34. Qe7 Qxe7 35. Rxe7 Ne6 36. cxd5 cxd5 37. b4 Rc4 38. b5 Re4 39. Rd1 Rd4
40. Rc1 Rb4 41. Rb7 Nc5 42. Rb6 Ne4 43. f3 Nxg3+ 44. hxg3 Rb2 45. Rd1 Raa2 46.
Ra6 Rxg2 47. Rxa2 Rxa2 48. Rxd5 Kf8 49. b6 Rb2 50. Rd6 Ke8 51. f4 Ke7 52. Rc6
Kd7 53. Rc7+ Ke6 54. b7 h5 55. Kg1 g6 56. Kf1 f6 57. Rg7 Kf5 58. Ke1 g5 59.
fxg5 fxg5 60. Kd1 Kf6 61. Kc1 Rb6 62. Rh7 Kg6 63. Rd7 Kf5 64. Kd2 Ke4 65. Rh7
g4 66. Rf7 Rb1 67. Kc3 Ke3 68. Kc4 Ke4 69. Kc5 Rc1+ 70. Kd6 Rd1+ 71. Kc7 Rc1+
72. Kd8 Rb1 73. Kc8 Rc1+ 74. Rc7 Rb1 75. b8=Q Rxb8+ 76. Kxb8 Ke3 77. Rf7 77...
Ke4 {cstalx resigns} 1-0

[Event "ICS rated blitz match"]
[Site "207.99.83.227"]
[Date "1999.04.15"]
[Round "?"]
[White "chessidea"]
[Black "Hossa"]
[Result "1-0"]
[WhiteElo "2871"]
[BlackElo "2506"]
[Annotator "Crafty v16.6"]
[PlyCount "121"]

{annotating for player Hossa using a scoring margin of +0.10 pawns. search
time limit is 10.00} 1. e4 1... e5 2. Nf3 Nc6 3. Bb5 a6 4. Bxc6 dxc6 5. d3 Bg4
6. h3 Bxf3 7. Qxf3 Bd6 ({8:-0.60} 7... Bd6 8. Qg3 Nf6 9. O-O Qe7 10. Qxg7 O-O-O
11. a4 $14) ({8:-0.41} 7... Qf6 8. Qe3 Bb4+ 9. Nd2 b6 10. O-O Bc5 11. Qf3 Ne7
12. Qxf6 12... gxf6 $14) 8. Be3 Ne7 9. O-O O-O ({8:-0.75} 9... O-O 10. c4 Ng6
11. Nc3 b5 12. b3 bxc4 13. bxc4 13... Qh4 $16) ({8:-0.63} 9... Qd7 10. c4 Ng6
11. Nc3 O-O-O 12. c5 Nh4 13. Qe2 $14) 10. Nd2 Qd7 11. Rfe1 Qe6 ({8:-0.54} 11...
Qe6 12. a3 f5 13. Bg5 Qg6 14. Bxe7 Bxe7 15. Qe3 15... Qe6 $14) ({8:-0.39} 11...
Ng6 12. Nb3 b5 13. c4 bxc4 14. dxc4 Rad8 15. Nc5 15... Nh4 $14) 12. a3 Qg6 13.
Rad1 Kh8 14. d4 f6 15. b4 Rad8 16. c3 Nc8 17. Nc4 b6 18. Rd3 Be7 19. a4 b5 20.
axb5 cxb5 21. Nb2 Nd6 22. Bc1 a5 23. bxa5 Ra8 24. Nd1 Rxa5 25. Ne3 exd4 26. Nd5
Bd8 27. cxd4 Re8 28. e5 fxe5 29. dxe5 Nf7 30. Nf4 Qf5 31. Qc6 Rg8 32. Qd7 Qxd7
33. Rxd7 Nxe5 34. Rxe5 Ra1 35. Nd3 b4 36. Rb5 Bf6 37. Rxc7 Bc3 38. Kh2 Re8 39.
Be3 Ra3 40. Re7 Raa8 41. Rxe8+ Rxe8 42. Nxb4 Be5+ 43. f4 Bd6 44. Nd5 h6 45. Rb6
Rxe3 46. Rxd6 Re1 47. g4 Re2+ 48. Kg3 Re8 49. f5 Ra8 50. Rd7 Rf8 51. Kh4 Kg8
52. Ne7+ Kh7 53. Kh5 Rf7 54. h4 Rf8 55. Ng6 Rd8 56. Re7 Kg8 57. f6 Rd5+ 58. g5
gxf6 59. Kxh6 Rd7 60. Rxd7 fxg5 61. Rg7# 1-0

[Event "ICS Rated blitz match"]
[Site "207.99.83.227"]
[Date "1999.04.15"]
[Round "?"]
[White "jo"]
[Black "Hossa"]
[Result "0-1"]
[WhiteElo "2390"]
[BlackElo "2503"]
[PlyCount "98"]

1. e4 c5 2. Nf3 Nc6 3. Bb5 a6 4. Bxc6 dxc6 5. a4 Bg4 6. a5 e5 7. d3 c4 8. dxc4
Qxd1+ 9. Kxd1 Nf6 10. Nbd2 Rd8 11. Ke2 Bb4 12. c3 Bc5 13. b4 Be7 14. c5 O-O 15.
h3 Bxf3+ 16. gxf3 Nd7 17. Nc4 f5 18. Be3 fxe4 19. fxe4 Nf6 20. f3 Nh5 21. Rhg1
Bh4 22. Nxe5 Ng3+ 23. Rxg3 Bxg3 24. Bd4 Rde8 25. Nd3 Bh2 26. Rh1 Bc7 27. Rg1 g6
28. Rg4 Rf5 29. h4 Re6 30. Be3 Rf8 31. h5 Kg7 32. hxg6 Rxg6 33. Bd4+ Kf7 34.
Rh4 Kg8 35. f4 Bd8 36. Rh2 Rg3 37. f5 Re8 38. e5 Rg5 39. Rf2 h5 40. f6 Kf7 41.
Nf4 Rgxe5+ 42. Bxe5 Rxe5+ 43. Kd3 Bxf6 44. Ne2 h4 45. Nd4 Rd5 46. Rh2 Kg6 47.
Ke4 Bxd4 48. cxd4 Kh5 49. Rg2 49... Rg5 {jo resigns} 0-1

[Event "ICS rated blitz match"]
[Site "207.99.83.227"]
[Date "1999.04.15"]
[Round "?"]
[White "Hossa"]
[Black "chessidea"]
[Result "0-1"]
[WhiteElo "2514"]
[BlackElo "2874"]
[Annotator "Crafty v16.6"]
[PlyCount "93"]

{annotating for player Hossa using a scoring margin of +0.10 pawns. search
time limit is 10.00} 1. e4 1... e5 2. Nf3 Nf6 3. Nc3 Bb4 4. Nxe5 Qe7 5. Nf3
Bxc3 6. dxc3 Nxe4 7. Be2 O-O 8. O-O Rd8 9. Re1 d5 10. Bf4 c5 11. Bd3 Bf5 12.
Ng5 Qf6 13. Qh5 Bg6 14. Qg4 Bf5 15. Qf3 Nxg5 16. Bxg5 Qxg5 17. Bxf5 Nc6 18.
Rad1 g6 19. Bd3 a6 20. Qh3 b5 21. Re3 c4 22. Be2 d4 23. Qg3 Qxg3 24. Rxg3 dxc3
25. Rxc3 Rxd1+ 26. Bxd1 Rd8 27. Bf3 Rd2 28. Kf1 Nb4 29. Be4 Nxa2 30. Ra3 Nb4
31. g4 Nxc2 32. Rxa6 Nd4 33. Ra2 Kg7 34. h3 Ne6 35. Kg2 b4 36. h4 c3 37. Ra1 c2
38. Rc1 b3 39. h5 Nd4 40. h6+ Kxh6 41. Bd5 Rd1 42. Bxb3 Rxc1 43. Bxc2 Rxc2 44.
b4 Kg5 45. Kg3 Rc3+ 46. Kg2 Kxg4 47. b5 0-1

[Event "ICS rated blitz match"]
[Site "207.99.83.227"]
[Date "1999.04.15"]
[Round "?"]
[White "lunarlander"]
[Black "Hossa"]
[Result "0-1"]
[WhiteElo "2261"]
[BlackElo "2510"]
[PlyCount "34"]

1. e4 c5 2. Nc3 Nc6 3. g3 Nf6 4. Bg2 e5 5. Nge2 Be7 6. d3 d6 7. O-O h5 8. f4 h4
9. f5 h3 10. Bh1 O-O 11. Be3 Bd7 12. Qd2 Nd4 13. Bxd4 cxd4 14. Nd5 Nxd5 15.
exd5 Bg5 16. Qd1 Be3+ 17. Rf2 17... Bxf5 {lunarlander resigns} 0-1

[Event "ICS Rated blitz match"]
[Site "207.99.83.227"]
[Date "1999.04.15"]
[Round "?"]
[White "Hossa"]
[Black "PostModernist"]
[Result "0-1"]
[WhiteElo "2516"]
[BlackElo "2492"]
[Annotator "Crafty v16.6"]
[PlyCount "178"]

{annotating for player Hossa using a scoring margin of +0.10 pawns. search
time limit is 10.00} 1. e4 1... c5 2. Bc4 e6 3. Nc3 Nc6 4. Nf3 d6 5. d4 cxd4 6.
Nxd4 Nf6 7. O-O Be7 8. Bb5 ({8:+0.33} 8. Bb5 8... Bd7 9. Nxc6 bxc6 10. Bc4 O-O
11. Qd4 e5 12. Qd3 $14) ({8:+0.46} 8. Nxc6 8... bxc6 9. e5 dxe5 10. Qe2 Bd6 11.
Qf3 Nd5 12. Ne4 $14) 8... Bd7 9. Bxc6 ({8:+0.17} 9. Bxc6 9... bxc6 10. Bg5 O-O
11. Nb3 Be8 12. Qd4 Ng4 13. Bxe7 13... Qxe7 $10) ({8:+0.29} 9. Nxc6 9... Bxc6
10. Bg5 O-O 11. Qd4 Ng4 12. Bxe7 Qxe7 13. Bxc6 bxc6 14. Rad1 $10) 9... bxc6 10.
Re1 ({9:-0.13} 10. Re1 10... e5 11. Nb3 O-O 12. Bg5 Ng4 13. Bxe7 Qxe7 14. f3
14... Nf6 $10) ({9:+0.11} 10. Bg5 10... e5 11. Nf3 Be6 12. Qe2 O-O 13. Rad1 Ng4
14. Bxe7 14... Qxe7 $10) 10... e5 11. Nf3 ({10:-0.35} 11. Nf3 11... O-O 12. Bg5
Bg4 13. Rb1 Rc8 14. b4 Qd7 15. Qd3 $15) ({10:-0.21} 11. Nf5 11... Bxf5 12. exf5
O-O 13. Qd3 c5 14. f4 Ng4 15. fxe5 Nxe5 16. Qd5 16... Re8 $10) 11... Qb6 12. b3
O-O-O 13. Be3 Qb7 14. Qd3 Bg4 15. Ng5 Bh5 16. Qc4 d5 17. exd5 Nxd5 18. Nxd5
Rxd5 19. Ne4 Rhd8 20. a4 Bg6 21. Nc3 R5d7 22. Nb5 a5 23. Na7+ Kc7 24. f4 Ra8
25. Nb5+ Kb8 26. Nc3 Bxc2 27. Qxf7 Bd6 28. Qc4 Bxb3 29. Qe4 exf4 30. Bxf4 Bxf4
31. Qxf4+ Qc7 32. Re8+ Kb7 33. Qxc7+ Rxc7 34. Re5 Bc2 35. Ra2 Bd3 36. Rb2+ Ka6
37. Rd2 Bg6 38. Rd6 Kb7 39. h4 Rf7 40. Rc5 Ra6 41. h5 Bf5 42. Kf2 g6 43. h6 Kc7
44. Nb5+ Kb7 45. Nc3 Bd3+ 46. Ke3 Bf1 47. Rd2 Re7+ 48. Kf4 Kb6 49. Re5 Rxe5 50.
Kxe5 Ra8 51. g3 Re8+ 52. Kf4 g5+ 53. Kxg5 Re3 54. Rb2+ Ka6 55. Rc2 Rxg3+ 56.
Kf4 Rh3 57. Kg5 Bd3 58. Rc1 Kb6 59. Nb1 Be2 60. Nc3 Rh5+ 61. Kf6 Rxh6+ 62. Kg7
Rg6+ 63. Kxh7 Bd3 64. Kh8 Rg3 65. Ra1 Bc2 66. Ne2 Rg4 67. Nc3 Rc4 68. Ra3 Kc5
69. Ne2 Rxa4 70. Rh3 Rg4 71. Rc3+ Rc4 72. Rf3 a4 73. Nc3 Rg4 74. Rf2 Bb3 75.
Kh7 a3 76. Kh6 Kb4 77. Kh5 Rg1 78. Na2+ Bxa2 79. Rxa2 Kb3 80. Rf2 a2 81. Rf3+
Kb4 82. Rf4+ Kb5 83. Rf5+ c5 84. Rf8 a1=Q 85. Rb8+ Kc4 86. Re8 Qd4 87. Ra8 Qd5+
88. Kh4 Qxa8 89. Kh5 Qh8# 0-1

[Event "ICS rated blitz match"]
[Site "207.99.83.227"]
[Date "1999.04.15"]
[Round "?"]
[White "lunarlander"]
[Black "Hossa"]
[Result "1/2-1/2"]
[WhiteElo "2260"]
[BlackElo "2499"]
[PlyCount "59"]

1. e4 d6 2. d4 Nf6 3. Nc3 Nbd7 4. Nf3 e5 5. dxe5 dxe5 6. Bc4 Bb4 7. O-O Bxc3 8.
bxc3 Qe7 9. Re1 O-O 10. a4 Nc5 11. Ba3 Bg4 12. h3 Rad8 13. Qe2 Bxf3 14. Qxf3 c6
15. Qe3 Nfd7 16. Rad1 b6 17. Rd2 Kh8 18. Red1 f5 19. exf5 Rxf5 20. Bxc5 bxc5
21. Qe4 Rff8 22. Qxc6 Nb8 23. Qe6 Rxd2 24. Rxd2 Qg5 25. Re2 Qc1+ 26. Kh2 Qf4+
27. Kg1 Qc1+ 28. Kh2 Qf4+ 29. Kg1 Qc1+ 30. Kh2 {Game drawn by repetition}
1/2-1/2

[Event "ICS rated standard match"]
[Site "207.99.83.227"]
[Date "1999.04.15"]
[Round "?"]
[White "amigood"]
[Black "Hossa"]
[Result "0-1"]
[WhiteElo "2160"]
[BlackElo "2271"]
[PlyCount "60"]

1. e4 d6 2. d4 Nf6 3. Nc3 Nbd7 4. Bd3 e5 5. d5 Nc5 6. Be3 Nxd3+ 7. Qxd3 Be7 8.
h3 O-O 9. g4 c6 10. Nge2 cxd5 11. Nxd5 Nxd5 12. Qxd5 Be6 13. Qd2 d5 14. exd5
Qxd5 15. Qxd5 Bxd5 16. O-O Bf3 17. Ng3 Rfd8 18. b3 Bb4 19. c4 Rd3 20. a3 Bc3
21. Rab1 a6 22. Nf5 Rad8 23. Nh4 Bd1 24. b4 Be2 25. Rfc1 Bd4 26. Bxd4 exd4 27.
a4 Rxh3 28. Ng2 Bxg4 29. b5 d3 30. Ne3 30... Bf3 {amigood resigns} 0-1

[Event "ICS rated blitz match"]
[Site "207.99.83.227"]
[Date "1999.04.15"]
[Round "?"]
[White "Hossa"]
[Black "lunarlander"]
[Result "1-0"]
[WhiteElo "2489"]
[BlackElo "2276"]
[PlyCount "67"]

1. e4 c6 2. Nc3 d5 3. exd5 cxd5 4. Nf3 Nf6 5. Bb5+ Bd7 6. O-O Bxb5 7. Nxb5 Nc6
8. d4 e6 9. Bf4 Rc8 10. Bg5 a6 11. Bxf6 Qxf6 12. Nc3 Bd6 13. Qd2 Bb4 14. a3
Bxc3 15. Qxc3 O-O 16. Rae1 Qd8 17. Qd2 Na5 18. Kh1 b5 19. Qe2 Qc7 20. c3 Qc4
21. Qc2 Qb3 22. Qb1 Nc4 23. Ng5 g6 24. Re2 a5 25. f4 b4 26. cxb4 axb4 27. Rf3
Nxa3 28. Qf1 Qa4 29. bxa3 bxa3 30. Ra2 Qxd4 31. Rfxa3 Rc4 32. Ra8 Qxf4 33.
Rxf8+ Kxf8 34. Nxe6+ {lunarlander resigns} 1-0

[Event "ICS rated blitz match"]
[Site "207.99.83.227"]
[Date "1999.04.15"]
[Round "?"]
[White "Hossa"]
[Black "lunarlander"]
[Result "1-0"]
[WhiteElo "2515"]
[BlackElo "2250"]
[PlyCount "75"]

1. e4 c6 2. Nc3 d5 3. exd5 cxd5 4. Nf3 Nf6 5. Bb5+ Bd7 6. O-O Bxb5 7. Nxb5 Nc6
8. d4 e6 9. Bf4 Rc8 10. Bg5 a6 11. Bxf6 Qxf6 12. Nc3 Bd6 13. Qd2 Bb4 14. a3
Bxc3 15. Qxc3 O-O 16. Rac1 b5 17. Qe3 Na5 18. Ne5 Nc4 19. Nxc4 Rxc4 20. c3 Rfc8
21. Rce1 a5 22. Rc1 Qd8 23. Kh1 Qc7 24. Rcd1 b4 25. cxb4 axb4 26. a4 b3 27.
Qxb3 Rb8 28. Qa3 Rcb4 29. Rd2 Rb3 30. Qa1 Qa5 31. Rc2 Qb4 32. Rfc1 g6 33. a5
Qxd4 34. a6 Ra8 35. Rc8+ Rxc8 36. Rxc8+ Kg7 37. a7 Qxb2 38. a8=Q {
lunarlander resigns} 1-0

[Event "ICS rated blitz match"]
[Site "207.99.83.227"]
[Date "1999.04.15"]
[Round "?"]
[White "Hossa"]
[Black "lunarlander"]
[Result "1-0"]
[WhiteElo "2526"]
[BlackElo "2239"]
[PlyCount "117"]

1. e4 c6 2. Nc3 d5 3. exd5 cxd5 4. Nf3 Nf6 5. Bb5+ Bd7 6. O-O Bxb5 7. Nxb5 Nc6
8. d4 e6 9. Bf4 Rc8 10. Bg5 a6 11. Bxf6 Qxf6 12. Nc3 Bd6 13. Qd2 Bb4 14. a3
Bxc3 15. Qxc3 O-O 16. Rae1 b5 17. Qd2 Qd8 18. Kh1 Na5 19. Qe2 Nc4 20. c3 a5 21.
Ne5 Nxe5 22. Qxe5 b4 23. cxb4 axb4 24. axb4 Qb6 25. f4 Qxb4 26. f5 Rfe8 27. f6
g6 28. Re2 Rc4 29. Qxd5 Rxd4 30. Qg5 Rg4 31. Qh6 Qf8 32. Qxf8+ Kxf8 33. g3 Rb8
34. Rc1 Ke8 35. Kg2 Rgb4 36. Rcc2 R8b7 37. Rc8+ Kd7 38. Rf8 Kd6 39. Rd8+ Kc7
40. Rf8 Kc6 41. Kh3 h5 42. Rc8+ Kb6 43. Rc3 Rc7 44. Rd3 Kb5 45. Re5+ Kb6 46. b3
Rb5 47. Rxb5+ Kxb5 48. Rd8 Kb4 49. Rb8+ Kc5 50. Kh4 Kd6 51. Kg5 e5 52. b4 e4
53. Rd8+ Ke6 54. Re8+ Kd5 55. Re7 Rc4 56. Rxf7 e3 57. Rd7+ Kc6 58. f7 e2 59.
Re7 {lunarlander resigns} 1-0

[Event "ICS rated blitz match"]
[Site "207.99.83.227"]
[Date "1999.04.15"]
[Round "?"]
[White "lunarlander"]
[Black "Hossa"]
[Result "0-1"]
[WhiteElo "2234"]
[BlackElo "2531"]
[PlyCount "60"]

1. e4 c5 2. Nc3 Nc6 3. g3 Nf6 4. Bg2 e5 5. d3 Be7 6. Nge2 O-O 7. O-O d6 8. f4
Qd7 9. f5 Kh8 10. h3 Qd8 11. g4 Bd7 12. Ng3 Ne8 13. Nd5 Rc8 14. Nxe7 Nxe7 15.
g5 Qb6 16. f6 gxf6 17. gxf6 Nc6 18. Kh1 Rg8 19. Nh5 Rg6 20. Be3 Qxb2 21. Qd2
Nd4 22. Rac1 Qxa2 23. Bh6 Ba4 24. Bg7+ Kg8 25. Rg1 Nb3 26. Qh6 Nxg7 27. Bf3
Rxh6 28. Rxg7+ Kh8 29. Rcg1 Qxc2 30. Rxf7 30... Qxd3 {lunarlander resigns} 0-1

[Event "ICS rated blitz match"]
[Site "207.99.83.227"]
[Date "1999.04.15"]
[Round "?"]
[White "Hossa"]
[Black "Prof-Moriarty"]
[Result "1-0"]
[WhiteElo "2536"]
[BlackElo "2285"]
[Annotator "Fritz 5.32 (15s)"]
[PlyCount "14"]

1. e4 c5 2. Bc4 e6 3. Nc3 d6 4. Nf3 Nc6 5. d4 cxd4 6. Nxd4 Nf6 7. Nxc6 7... b6
$146 (7... bxc6 8. Bg5 Be7 9. Bb3 O-O 10. O-O Bb7 11. Bxf6 Bxf6 12. Qd2 Bxc3
13. Qxc3 d5 14. exd5 14... cxd5 {
- Zupevc,S-Juranic,B/Eu Y Ch b12, Rimavska Sobota (5) 1996 (14)}) (7... bxc6 8.
Qf3 d5 9. exd5 cxd5 10. Bb5+ Bd7 11. Bg5 Be7 12. O-O-O Qa5 13. Bxd7+ Nxd7 14.
Bxe7 Kxe7 15. Kb1 Rab8 16. Nxd5+ exd5 17. Rhe1+ Kf8 18. Qg3 Qb6 19. Qa3+ Kg8
20. Rxd5 Nf6 21. Red1 g6 22. Rd6 Qxf2 23. Rd8+ Kg7 24. Rxh8 Rxh8 25. b3 Rc8 26.
Qb2 26... Rc6 {0-1 ElCube-Good/ICS 1995 (26)}) 1-0

[Event "ICS rated blitz match"]
[Site "207.99.83.227"]
[Date "1999.04.15"]
[Round "?"]
[White "Prof-Moriarty"]
[Black "Hossa"]
[Result "0-1"]
[WhiteElo "2279"]
[BlackElo "2542"]
[PlyCount "46"]

1. d4 Nf6 2. Nf3 e6 3. e3 Be7 4. Bd3 O-O 5. Nbd2 d5 6. O-O c5 7. b3 Nc6 8. Bb2
cxd4 9. exd4 Qc7 10. a3 Bd7 11. Qe2 Rac8 12. Ne5 Bd6 13. f4 Be8 14. Rf3 Qe7 15.
Rh3 Kh8 16. Bxh7 Qd8 17. Qf2 Nxh7 18. Ndf3 Kg8 19. Ng5 Nxg5 20. fxg5 Qxg5 21.
Rd1 Nxe5 22. dxe5 Bc5 23. Bd4 23... Bxd4 {Prof-Moriarty resigns} 0-1

[Event "ICS rated blitz match"]
[Site "207.99.83.227"]
[Date "1999.04.15"]
[Round "?"]
[White "Hossa"]
[Black "Prof-Moriarty"]
[Result "1-0"]
[WhiteElo "2548"]
[BlackElo "2273"]
[PlyCount "43"]

1. e4 d6 2. d4 Nf6 3. Bd3 g6 4. Ne2 Bg7 5. O-O O-O 6. Nbc3 Na6 7. Bxa6 bxa6 8.
Bg5 Bb7 9. Qd3 d5 10. Bxf6 Bxf6 11. exd5 Bxd5 12. Qxa6 Rb8 13. b3 Rb6 14. Qxa7
Ba8 15. a4 c5 16. dxc5 Rb7 17. Qa6 Bxc3 18. Nxc3 Qd2 19. Qc4 Qg5 20. Ne4 Qh5
21. Ng3 Qe5 22. Rae1 {Prof-Moriarty resigns} 1-0

[Event "ICS rated blitz match"]
[Site "207.99.83.227"]
[Date "1999.04.15"]
[Round "?"]
[White "Prof-Moriarty"]
[Black "Hossa"]
[Result "0-1"]
[WhiteElo "2268"]
[BlackElo "2553"]
[PlyCount "50"]

1. d4 Nf6 2. Nf3 e6 3. e3 Be7 4. Bd3 O-O 5. Nbd2 d5 6. O-O c5 7. b3 Nc6 8. Bb2
cxd4 9. exd4 Qc7 10. a3 Bd7 11. Qe2 Rac8 12. Ne5 Bd6 13. f4 Be8 14. Rf3 Qe7 15.
Rh3 Kh8 16. Bxh7 Qd8 17. Bd3+ Kg8 18. Qf2 Nd7 19. Qf3 Nf6 20. Qg3 Ne4 21. Nxe4
dxe4 22. Bxe4 Be7 23. Qg4 f5 24. Qg3 Nxe5 25. dxe5 25... fxe4 {
Prof-Moriarty resigns} 0-1